| 000 | 00451nam a2200169Ia 4500 | ||
|---|---|---|---|
| 003 | GCL | ||
| 008 | 140319s9999 xx 000 0 eng d | ||
| 040 |
_aGCL / _cGCL |
||
| 082 | 0 | 4 |
_aCC _b932 _bD L |
| 100 | 1 | _aDRIOTON,ETIENNE | |
| 245 | 1 | 0 |
_aL'EGYPTE PHARAONIQUE / _cDRIOTON,ETIENNE |
| 260 |
_a[S.N] : _bLIBRAIRIE ARMAND COLIN ، _c1969 |
||
| 300 | _a206 P | ||
| 650 | 0 | 4 | _aEGYPT, KINGS AND RULERS |
| 650 | 0 | 4 | _aEGYPT - ANTIQUITIES |
| 942 |
_2ddc _cBK |
||
| 999 |
_c20347 _d20347 |
||